| 000 | 00518nam a2200205Ia 4500 | ||
|---|---|---|---|
| 003 | OSt | ||
| 005 | 20240119145010.0 | ||
| 008 | 210210b2008 xxu||||| |||| 00| 0 eng d | ||
| 040 | _cAL | ||
| 041 | _aeng | ||
| 082 | _a001.6424C SEQP | ||
| 100 |
_aSEQUEIRA (Arun Francies) _9148375 |
||
| 245 | _aProgramming language C | ||
| 260 |
_aMangalore _bUnited Publishers _c2008 |
||
| 300 | _a256 | ||
| 690 |
_aComputer Science _9148376 |
||
| 700 |
_aDSOUZA (Mani Bhushan) _9148377 |
||
| 906 | _a062867 | ||
| 942 |
_2ddc _cBK |
||
| 999 |
_c130461 _d130461 |
||